000 00519nam a2200181Ia 4500
999 _c34303
_d34303
003 OSt
005 20200827114018.0
008 190216s9999||||xx |||||||||||||| ||und||
020 _a9788180940361
040 _coclc
082 _a539.6
_bSUG/M
100 _aSugumar, R Wilfred
_94389
245 0 _aMolecular And Atomic Spectroscopy /
_cR Wilfred Sugumar
260 _bMjp Publishers,
_c2008.
_aChennai:
300 _a290p
650 _aPhysics
942 _cBK
_2ddc
_h539.6
_iSUG/M
_k539.6
_mSUG/M